00659nam a2200193Ia 4500008004100000020001500041082001400056100002300070245007000093250000800163260003900171300002700210500001900237600002100256650005000277942000700327952011600334999001500450240925s9999 xx 000 0 und d a8177589938 a004.22STA aStallings, William 0aComputer Organization and Architecture: designing for performance a7th aIndia:bDorling Kindersleyc,2006. axix,582p.bNAfPirated aIncludes Index aComputer Science aComputer science, information & general works cBK 001040708CSaUITUbUITUd2007-01-23eF.B.Cg490.00l0o004.22STApQ6871r2024-09-25 07:14:24w2024-09-25yBK c9370d9370